[Event "43rd World U20 ch"]
[Site "Kochi IND"]
[Date "2004.11.22"]
[Round "5.8"]
[White "Perdomo, Leandro"]
[Black "Humpy, Koneru"]
[Result "0-1"]
[WhiteElo "2312"]
[BlackElo "2503"]
[EventDate "2004.11.19"]
[PlyCount "84"]

1.d4 Nf6 2.c4 d6 3.Nc3 Nbd7 4.Nf3 g6 5.e4 Bg7 6.Be3 O-O 7.Nd2 e5 8.d5 c6 
9.Be2 a6 10.O-O c5 11.a3 Ne8 12.b4 f5 13.f3 b6 14.bxc5 Nxc5 15.a4 a5 16.
Nb3 Nf6 17.Nxc5 bxc5 18.Rb1 Nh5 19.Qd2 Bf6 20.Nb5 Rf7 21.Rb3 Nf4 22.Kh1 
Nxe2 23.Qxe2 f4 24.Bd2 g5 25.Rfb1 Rg7 26.Na3 Bd7 27.Rb6 Be7 28.Nc2 h5 29.
Ne1 g4 30.Qd3 Bf8 31.fxg4 hxg4 32.g3 fxg3 33.Qxg3 Qf6 34.Kg1 Bxa4 35.Rb8 
Rxb8 36.Rxb8 Rf7 37.Qg2 Kh7 38.Rb2 Bh6 39.h3 g3 40.Bxa5 Be3+ 41.Kh1 Bd1 
42.Qxg3 Qf1+ 0-1

[Event "43rd World U20 ch"]
[Site "Kochi IND"]
[Date "2004.11.22"]
[Round "5.9"]
[White "Quezada Perez, Yuniesky"]
[Black "Arghyadip Das"]
[Result "1-0"]
[WhiteElo "2513"]
[BlackElo "2353"]
[EventDate "2004.11.19"]
[PlyCount "61"]

1.e4 c5 2.Nf3 d6 3.d4 cxd4 4.Nxd4 Nf6 5.Nc3 a6 6.Be3 e5 7.Nb3 Be6 8.f3 
Nbd7 9.Qd2 Be7 10.O-O-O O-O 11.g4 b5 12.g5 b4 13.Ne2 Ne8 14.f4 a5 15.Kb1 
a4 16.Nbc1 exf4 17.Bxf4 Nc5 18.Bg2 b3 19.cxb3 axb3 20.a3 d5 21.Nd4 Bg4 22.
Nc6 Qd7 23.Qxd5 Bxd1 24.Rxd1 Bd6 25.Bxd6 Nxd6 26.Qxc5 Qg4 27.Rxd6 Qxg2 28.
Nxb3 Qxe4+ 29.Ka2 Rfe8 30.Qd5 Qf4 31.Rd7 1-0

[Event "43rd World U20 ch"]
[Site "Kochi IND"]
[Date "2004.11.22"]
[Round "5.10"]
[White "Bartel, Mateusz"]
[Black "Quan, Zhe"]
[Result "1/2-1/2"]
[WhiteElo "2481"]
[BlackElo "2345"]
[EventDate "2004.11.19"]
[PlyCount "39"]

1.d4 Nf6 2.Nf3 g6 3.g3 Bg7 4.Bg2 O-O 5.O-O d6 6.a4 a5 7.Re1 Nbd7 8.e4 e5 
9.Nc3 exd4 10.Nxd4 Re8 11.Ndb5 h6 12.h3 Ne5 13.f4 Nc4 14.b3 c6 15.Nd4 Qb6 
16.bxc4 Nd5 17.exd5 Qxd4+ 18.Kh2 Rxe1 19.Qxe1 Qxc3 20.Qxc3 1/2-1/2

[Event "43rd World U20 ch"]
[Site "Kochi IND"]
[Date "2004.11.22"]
[Round "5.14"]
[White "Sengupta, Deep"]
[Black "Aswin, Jayaram"]
[Result "1-0"]
[WhiteElo "2359"]
[BlackElo "2160"]
[EventDate "2004.11.19"]
[PlyCount "83"]

1.b3 e5 2.Bb2 Nc6 3.e3 Nf6 4.c4 g6 5.Nf3 d6 6.Nc3 Bg7 7.d4 exd4 8.exd4 O-O
9.Be2 d5 10.O-O h6 11.Rc1 Ne7 12.h3 c6 13.Re1 Re8 14.Bf1 Be6 15.Ne5 Nf5 
16.g4 Nd6 17.f3 h5 18.Rc2 hxg4 19.hxg4 dxc4 20.bxc4 Nd7 21.Nxd7 Bxd7 22.
Rxe8+ Bxe8 23.Rh2 Qg5 24.c5 Nf5 25.Ne2 Qe3+ 26.Kg2 Qg5 27.Kh1 Ne3 28.Qc1 
Qe7 29.Ng3 Nxf1 30.Qxf1 Bd7 31.d5 Bxb2 32.Rxb2 Qe5 33.Qf2 Qxd5 34.Rd2 Qe6 
35.Qd4 Qe1+ 36.Kg2 Be6 37.Rd1 Qa5 38.Rh1 f6 39.Ne4 Qxa2+ 40.Kg3 Rf8 41.
Nxf6+ Rxf6 42.Qxf6 1-0

[Event "43rd World U20 ch"]
[Site "Kochi IND"]
[Date "2004.11.22"]
[Round "5.15"]
[White "Gareev, Timur"]
[Black "Cifka, Stanislav"]
[Result "1-0"]
[WhiteElo "2525"]
[BlackElo "2310"]
[EventDate "2004.11.19"]
[PlyCount "59"]

1.Nf3 Nf6 2.g3 b6 3.d4 e6 4.Bg2 Bb7 5.c4 Be7 6.O-O O-O 7.d5 Na6 8.Ne1 Qb8 
9.Bf4 Nh5 10.Bd2 c6 11.Nc3 Nf6 12.e4 cxd5 13.cxd5 exd5 14.exd5 Nb4 15.Be3 
Ba6 16.a3 Bxf1 17.Bxf1 a5 18.axb4 axb4 19.Rxa8 Qxa8 20.d6 Bxd6 21.Qxd6 
bxc3 22.bxc3 Qa1 23.Bd2 Ne4 24.Qd3 Nxd2 25.Qxd2 d6 26.c4 Qf6 27.Nc2 g6 28.
Ne3 Rb8 29.Ng4 Qe6 30.Qd4 1-0

[Event "43rd World U20 ch"]
[Site "Kochi IND"]
[Date "2004.11.22"]
[Round "5.16"]
[White "Hasan Parag, Mehdi"]
[Black "Lafuente, Pablo"]
[Result "1/2-1/2"]
[WhiteElo "2251"]
[BlackElo "2473"]
[EventDate "2004.11.19"]
[PlyCount "67"]

1.e4 c5 2.Nf3 d6 3.d4 cxd4 4.Nxd4 Nf6 5.Nc3 a6 6.Be3 e5 7.Nb3 Be6 8.f3 
Nbd7 9.Qd2 Nb6 10.g4 Be7 11.O-O-O O-O 12.g5 Nh5 13.Kb1 Rc8 14.Rg1 Kh8 15.
Qf2 Nc4 16.Bxc4 Bxc4 17.Nd5 Bxd5 18.Rxd5 Qc7 19.Nc1 f5 20.Qe2 Qd7 21.Nd3 
fxe4 22.fxe4 Qh3 23.Nb4 Nf4 24.Bxf4 Rxf4 25.Rdd1 Qh4 26.Nd5 Rf2 27.Qg4 
Qxg4 28.Rxg4 Rcxc2 29.Nxe7 Rxb2+ 30.Ka1 Rxa2+ 31.Kb1 Rfb2+ 32.Kc1 Rxh2 33.
Kb1 Rhb2+ 34.Kc1 1/2-1/2

[Event "43rd World U20 ch"]
[Site "Kochi IND"]
[Date "2004.11.22"]
[Round "5.17"]
[White "Poobesh Anand, Selvaraj"]
[Black "Puneet, Jaiswal"]
[Result "1-0"]
[WhiteElo "2367"]
[BlackElo "2212"]
[EventDate "2004.11.19"]
[PlyCount "109"]

1.d4 d5 2.c4 c6 3.e3 Nf6 4.Bd3 e6 5.Nf3 Nbd7 6.O-O dxc4 7.Bxc4 b5 8.Bd3 a6
9.Qe2 c5 10.dxc5 Nxc5 11.Bc2 Bb7 12.a3 Qc7 13.Nc3 Nce4 14.Nxe4 Nxe4 15.
Bxe4 Bxe4 16.Ng5 Bd5 17.e4 Bc4 18.Qc2 Bd6 19.Rd1 Bxh2+ 20.Kh1 Be5 21.f4 
Bxf4 22.b3 Bxg5 23.Bxg5 Qg3 24.Qd2 Bd3 25.Bf4 Qg4 26.Qxd3 Qxf4 27.Qd7+ Kf8
28.Rf1 Qh6+ 29.Kg1 Qe3+ 30.Rf2 Qa7 31.Rd1 Qxd7 32.Rxd7 f6 33.Rc2 Rg8 34.
Rcc7 Ke8 35.Kf2 h5 36.Ke2 e5 37.Rf7 h4 38.Kf3 g6 39.Kg4 f5+ 40.Kxh4 g5+ 
41.Kg3 fxe4 42.Kf2 a5 43.Ke3 b4 44.a4 Ra6 45.Kxe4 Rd6 46.Rh7 Rd1 47.Ra7 
Rf8 48.g3 Rd4+ 49.Kxe5 Rd1 50.Ra8+ Rd8 51.Raa7 Rd1 52.Ke4 g4 53.Rhg7 Re1+ 
54.Kd4 Rd1+ 55.Kc4 1-0

[Event "43rd World U20 ch"]
[Site "Kochi IND"]
[Date "2004.11.22"]
[Round "5.18"]
[White "D`Costa, Lorin"]
[Black "Sai Srinivas, Dasari"]
[Result "1-0"]
[WhiteElo "2358"]
[BlackElo "2237"]
[EventDate "2004.11.19"]
[PlyCount "65"]

1.d4 Nf6 2.c4 g6 3.Nc3 d5 4.Nf3 Bg7 5.Bg5 Ne4 6.cxd5 Nxg5 7.Nxg5 e6 8.Qa4+
Kf8 9.Qb4+ Kg8 10.dxe6 fxe6 11.Nf3 Nc6 12.Qc4 Nxd4 13.O-O-O b5 14.Qc5 e5 
15.e3 Bf5 16.Nxb5 h5 17.Bc4+ Kh7 18.exd4 Bh6+ 19.Nd2 a6 20.Nc3 exd4 21.Ne2
Qd6 22.Qa5 Qb6 23.Qa3 c5 24.Ng3 Bg4 25.f3 Bd7 26.Rhe1 Rhe8 27.Ne4 Bb5 28.
Kb1 Rec8 29.g4 hxg4 30.fxg4 Be3 31.g5 Kg7 32.Rxe3 dxe3 33.Qc3+ 1-0

[Event "43rd World U20 ch"]
[Site "Kochi IND"]
[Date "2004.11.22"]
[Round "5.19"]
[White "Grigorov, Grigor"]
[Black "Mandizha, Farai"]
[Result "1-0"]
[WhiteElo "2321"]
[BlackElo "2200"]
[EventDate "2004.11.19"]
[PlyCount "85"]

1.d4 Nf6 2.c4 e6 3.Nc3 Bb4 4.Qc2 c5 5.dxc5 Na6 6.a3 Bxc3+ 7.Qxc3 Nxc5 8.b4
Nce4 9.Qd4 d5 10.c5 b6 11.f3 bxc5 12.bxc5 Qa5+ 13.Qb4 Qxb4+ 14.axb4 Nc3 
15.Bb2 Nb5 16.e3 Bd7 17.Ne2 Ke7 18.Nc3 Rhb8 19.Ra5 Nc7 20.b5 e5 21.c6 d4 
22.exd4 exd4 23.Na4 Bf5 24.Bxd4 Kd6 25.Kf2 Ncd5 26.Bc4 a6 27.b6 Kxc6 28.
Bxf6 Nxb6 29.Nxb6 Kxb6 30.Rxf5 gxf6 31.Rb1+ Kc7 32.Rxb8 Rxb8 33.Bxa6 Rb6 
34.Bc4 Kd7 35.Bxf7 Ke7 36.Bc4 Kf8 37.Rb5 Rc6 38.Bd3 h6 39.Rb7 Rc5 40.h4 
Ra5 41.Bg6 Kg8 42.h5 f5 43.Rf7 1-0

[Event "43rd World U20 ch"]
[Site "Kochi IND"]
[Date "2004.11.22"]
[Round "5.20"]
[White "Mabusela, Johannes"]
[Black "Nitin, Senthilvel"]
[Result "1-0"]
[WhiteElo "2316"]
[BlackElo "2119"]
[EventDate "2004.11.19"]
[PlyCount "79"]

1.Nf3 Nf6 2.d4 g6 3.Nc3 d5 4.Bf4 c6 5.e3 Bg7 6.Bd3 Nbd7 7.Qd2 O-O 8.h4 b5 
9.Ne5 Nxe5 10.Bxe5 h5 11.f3 Bh6 12.O-O-O Qa5 13.Kb1 b4 14.Ne2 Nd7 15.Bf4 
Bxf4 16.exf4 Nf6 17.f5 c5 18.dxc5 Ba6 19.fxg6 fxg6 20.Bxg6 Bxe2 21.Qxe2 
Qxc5 22.Rh3 Qd6 23.Bf5 e5 24.Rg3+ Kf7 25.Bg6+ Ke7 26.Rg5 Nd7 27.Bxh5 Rg8 
28.Qd2 d4 29.Bg4 Nf6 30.Re1 e4 31.Rb5 Rab8 32.Rxb8 Rxb8 33.fxe4 Nxg4 34.
Qg5+ Qf6 35.Qxg4 Rf8 36.b3 d3 37.cxd3 Qc3 38.Qg5+ Ke8 39.Qe3 a5 40.Rc1 1-0

[Event "43rd World U20 ch"]
[Site "Kochi IND"]
[Date "2004.11.22"]
[Round "5.21"]
[White "Raghuram, Balaji"]
[Black "Barbosa, Oliver"]
[Result "0-1"]
[WhiteElo "2043"]
[BlackElo "2311"]
[EventDate "2004.11.19"]
[PlyCount "86"]

1.d4 Nf6 2.Nf3 e6 3.g3 b6 4.Bg2 Bb7 5.O-O c5 6.dxc5 bxc5 7.c4 Be7 8.Nc3 
O-O 9.Bg5 d6 10.Ne1 Bxg2 11.Nxg2 Nbd7 12.e4 h6 13.Be3 Ne5 14.Qe2 Rb8 15.f4
Nc6 16.Rfd1 Qb6 17.Rab1 Rfd8 18.h3 Ne8 19.Qf2 Qb4 20.Qf1 Na5 21.f5 Nxc4 
22.a3 Qb3 23.Qe1 Ne5 24.Kh1 Qb7 25.Bf4 Bf6 26.fxe6 fxe6 27.Qf2 Qf7 28.Rf1 
Qh5 29.h4 Qg4 30.Kh2 Qg6 31.Kh1 Ng4 32.Qe2 Bxc3 33.bxc3 Rxb1 34.Rxb1 Qxe4 
35.Qxg4 Qxb1+ 36.Kh2 Qf5 37.Qd1 Nf6 38.Ne3 Qe4 39.Ng2 d5 40.Kh1 d4 41.cxd4
cxd4 42.Qc1 Ng4 43.Bd2 Rf8 0-1

[Event "43rd World U20 ch"]
[Site "Kochi IND"]
[Date "2004.11.22"]
[Round "5.22"]
[White "Patwardhan, Omkar"]
[Black "Smeets, Jan"]
[Result "0-1"]
[WhiteElo "2212"]
[BlackElo "2515"]
[EventDate "2004.11.19"]
[PlyCount "64"]

1.d4 d5 2.c4 e6 3.Nc3 c6 4.Nf3 dxc4 5.a4 Bb4 6.e4 Nf6 7.Qc2 b5 8.Be2 Bb7 
9.O-O a6 10.e5 Nd5 11.Bg5 Qb6 12.Ne4 Nd7 13.Rfd1 h6 14.Bd2 Be7 15.b3 cxb3 
16.Qxb3 O-O 17.g4 f5 18.gxf5 Rxf5 19.Nc3 c5 20.axb5 Nxc3 21.Qxc3 axb5 22.
Rxa8+ Bxa8 23.Qa3 Qc6 24.Bxb5 Qxf3 25.Qxf3 Bxf3 26.Bxd7 Bxd1 27.Bxe6+ Rf7 
28.d5 Bb3 29.Bf4 Bg5 30.Bg3 Kf8 31.h4 Bf4 32.Bxf7 Bxg3 0-1

[Event "43rd World U20 ch"]
[Site "Kochi IND"]
[Date "2004.11.22"]
[Round "5.23"]
[White "Mishra, Soumyaranjan"]
[Black "Bhatti, Ranveersingh"]
[Result "1/2-1/2"]
[WhiteElo "2299"]
[BlackElo "2195"]
[EventDate "2004.11.19"]
[PlyCount "100"]

1.e4 c5 2.Nf3 Nc6 3.Bb5 e6 4.O-O Nge7 5.Re1 a6 6.Bf1 d5 7.e5 Ng6 8.c3 d4 
9.cxd4 Nxd4 10.Nc3 Be7 11.d3 O-O 12.g3 Nxf3+ 13.Qxf3 f6 14.exf6 Bxf6 15.
Qh5 Bd4 16.Be3 Rf5 17.Qd1 Ne5 18.Bg2 Bxe3 19.Rxe3 Qd4 20.Be4 Rf7 21.Bxh7+ 
Kxh7 22.Qh5+ Kg8 23.Qxe5 Qb4 24.Ne4 Bd7 25.a3 Qb6 26.Nxc5 Bc6 27.b4 a5 28.
Ree1 axb4 29.axb4 Raf8 30.Qxe6 Qxb4 31.Ne4 Qd4 32.Qc4 Qxc4 33.dxc4 Bxe4 
34.Rxe4 Rxf2 35.Rb1 R8f7 36.Rbe1 Rc2 37.R1e2 Rc1+ 38.Kg2 Rc7 39.Rb2 R1xc4 
40.Rxc4 Rxc4 41.Rxb7 Rc2+ 42.Kg1 Kh7 43.Rf7 Kh6 44.Rf2 Rc3 45.Kg2 g6 46.
Kh3 Kh5 47.Rd2 Ra3 48.Rd5+ g5 49.Rf5 Rb3 50.Rd5 Ra3 1/2-1/2

[Event "43rd World U20 ch"]
[Site "Kochi IND"]
[Date "2004.11.22"]
[Round "5.24"]
[White "Artels, Lieven"]
[Black "Olsson, Linus"]
[Result "0-1"]
[WhiteElo "2084"]
[BlackElo "2289"]
[EventDate "2004.11.19"]
[PlyCount "88"]

1.e4 c5 2.Nf3 d6 3.d4 cxd4 4.Nxd4 Nf6 5.Nc3 a6 6.Be2 e5 7.Nb3 Be7 8.g4 h6 
9.Be3 Be6 10.Bf3 Nbd7 11.Qe2 Rc8 12.O-O-O Rxc3 13.bxc3 Qc7 14.h4 Nb6 15.
Bxb6 Qxb6 16.g5 Nd7 17.g6 O-O 18.Bg4 Qc7 19.Bxe6 fxe6 20.Rd3 Nb6 21.Qg4 
Qc4 22.Rf3 Bf6 23.Rd1 Rd8 24.Na5 Qxa2 25.c4 Re8 26.Rxd6 Qxa5 27.Rxe6 Qe1+ 
28.Kb2 Nxc4+ 29.Ka2 Qa5+ 30.Kb1 Qb5+ 31.Rb3 Nd2+ 32.Kb2 Nxb3 33.cxb3 Qd7 
34.Rxe8+ Qxe8 35.h5 Kf8 36.Qd1 Qd8 37.Qc2 Ke7 38.Qc5+ Qd6 39.Qc8 Qc6 40.
Qb8 Kd7 41.f3 Bd8 42.Qa7 Bb6 43.Qb8 Bd4+ 44.Kb1 Qc8 0-1

[Event "43rd World U20 ch"]
[Site "Kochi IND"]
[Date "2004.11.22"]
[Round "5.25"]
[White "Rohit, Gogineni"]
[Black "Louw, Daniel Johannes"]
[Result "1-0"]
[WhiteElo "2281"]
[BlackElo "2187"]
[EventDate "2004.11.19"]
[PlyCount "67"]

1.e4 c5 2.Nf3 d6 3.d4 cxd4 4.Nxd4 Nf6 5.Nc3 a6 6.Be3 e5 7.Nb3 Be6 8.Qd2 
Be7 9.f3 O-O 10.O-O-O Nbd7 11.g4 Qc7 12.g5 Nh5 13.Kb1 Rfc8 14.Rg1 Nb6 15.
Qf2 Nc4 16.Bxc4 Qxc4 17.f4 exf4 18.Bxf4 Nxf4 19.Qxf4 b5 20.Rg2 a5 21.Rd4 
Qc6 22.Nd5 Bxd5 23.Rxd5 g6 24.Nd4 Qc4 25.Nxb5 Rab8 26.Rf2 Bf8 27.Nxd6 Qb4 
28.c3 Rxc3 29.Qxf7+ Kh8 30.Qf6+ Kg8 31.Qe6+ Kg7 32.Ne8+ Kh8 33.Qf6+ Kg8 
34.Qf7+ 1-0

[Event "43rd World U20 ch"]
[Site "Kochi IND"]
[Date "2004.11.22"]
[Round "5.27"]
[White "Mihailidis, Anastasios"]
[Black "Cereijo, Nicolas"]
[Result "1-0"]
[WhiteElo "2278"]
[BlackElo "2120"]
[EventDate "2004.11.19"]
[PlyCount "53"]

1.e4 e6 2.d4 d5 3.Nd2 Nf6 4.e5 Nfd7 5.c3 c5 6.Bd3 Nc6 7.Ne2 cxd4 8.cxd4 f6
9.exf6 Nxf6 10.O-O Bd6 11.Nf3 Qc7 12.Bg5 O-O 13.Rc1 Ng4 14.Ng3 g6 15.Nd2 
Nf6 16.Nb3 Qg7 17.Bb5 Ne7 18.Qd2 Rd8 19.Bf4 Nf5 20.Nxf5 exf5 21.Bxd6 Rxd6 
22.Qf4 Ne4 23.f3 g5 24.Qe5 Qxe5 25.dxe5 Rb6 26.fxe4 Rxb5 27.exf5 1-0

[Event "43rd World U20 ch"]
[Site "Kochi IND"]
[Date "2004.11.22"]
[Round "5.28"]
[White "Ruijgrok, Dennis"]
[Black "Ashwath, Raja"]
[Result "1-0"]
[WhiteElo "2255"]
[BlackElo "2124"]
[EventDate "2004.11.19"]
[PlyCount "69"]

1.e4 e5 2.Nf3 Nc6 3.Bb5 a6 4.Bxc6 dxc6 5.O-O Bd6 6.d4 Bg4 7.dxe5 Bxf3 8.
Qxf3 Bxe5 9.Qb3 b5 10.Be3 Nh6 11.h3 Qh4 12.Nd2 Bf6 13.Nf3 Qh5 14.Bf4 O-O 
15.Bxc7 c5 16.c3 Kh8 17.Rad1 c4 18.Qc2 Rg8 19.Rd5 g5 20.Re1 Qg6 21.g4 Rge8
22.Nd4 Bxd4 23.Rxd4 f5 24.f3 Qf7 25.Bg3 fxg4 26.fxg4 Rf8 27.Rd6 Qg7 28.e5 
Rf3 29.Kg2 Raf8 30.Qe4 Qf7 31.Re2 Qg7 32.e6 Qa7 33.e7 Rxg3+ 34.Kxg3 Qg1+ 
35.Rg2 1-0

[Event "43rd World U20 ch"]
[Site "Kochi IND"]
[Date "2004.11.22"]
[Round "5.29"]
[White "Tiwari, Arjun"]
[Black "Phadke, Sohan"]
[Result "1-0"]
[WhiteElo "2319"]
[BlackElo "2125"]
[EventDate "2004.11.19"]
[PlyCount "53"]

1.e4 c5 2.Nc3 a6 3.f4 b5 4.Nf3 Bb7 5.d3 e6 6.Qe2 Nc6 7.e5 Nge7 8.Ne4 Nf5 
9.c3 d5 10.exd6 Bxd6 11.g4 Nh4 12.Nxd6+ Qxd6 13.Nxh4 Nd4 14.Nf5 Nxf5 15.
Bg2 Bxg2 16.Qxg2 Rd8 17.gxf5 Qxd3 18.Bd2 O-O 19.f6 g6 20.O-O-O b4 21.f5 
bxc3 22.Bxc3 Qxf5 23.Rhf1 Rxd1+ 24.Rxd1 e5 25.Qc6 e4 26.Qd6 Qc8 27.Qf4 1-0

[Event "43rd World U20 ch"]
[Site "Kochi IND"]
[Date "2004.11.22"]
[Round "5.30"]
[White "Karthikeyan, Pandian"]
[Black "Swaraj, Palit"]
[Result "1/2-1/2"]
[WhiteElo "2131"]
[BlackElo "2172"]
[EventDate "2004.11.19"]
[PlyCount "102"]

1.e4 e5 2.Nc3 Nf6 3.g3 Bc5 4.Bg2 Nc6 5.Nge2 a6 6.O-O h5 7.d3 h4 8.Bg5 hxg3
9.hxg3 Be7 10.d4 d6 11.d5 Nb8 12.Bd2 c6 13.dxc6 bxc6 14.Bg5 Ng4 15.Bxe7 
Qxe7 16.Qd2 Rh6 17.Rad1 Nh2 18.Rfe1 Qf6 19.f4 Ng4 20.f5 Qe7 21.Nc1 Qa7+ 
22.Kf1 a5 23.Bf3 Ba6+ 24.Nd3 Rh2 25.Bxg4 Bxd3+ 26.cxd3 Rxd2 27.Rxd2 Nd7 
28.Red1 Qe3 29.Kg2 Nf6 30.Bf3 Rb8 31.b3 Ke7 32.Re2 Qd4 33.Na4 Rh8 34.Nb2 
d5 35.Rc1 Kd7 36.Na4 Kd6 37.Nb2 Nd7 38.Rec2 Nb8 39.Re2 Na6 40.Rcc2 Nb4 41.
Rcd2 Rb8 42.a3 Na6 43.exd5 cxd5 44.Nc4+ dxc4 45.dxc4 Rxb3 46.Rxd4+ exd4 
47.Bd5 d3 48.Ra2 f6 49.Kf3 Nc5 50.g4 Ke5 51.Ke3 Rc3 1/2-1/2

[Event "43rd World U20 ch"]
[Site "Kochi IND"]
[Date "2004.11.22"]
[Round "5.31"]
[White "Soon Wai Cheong"]
[Black "Arun, Karthik Ravichandra"]
[Result "0-1"]
[WhiteElo "2048"]
[BlackElo "2152"]
[EventDate "2004.11.19"]
[PlyCount "52"]

1.d4 g6 2.e4 d6 3.Nc3 Nf6 4.f4 Bg7 5.Nf3 c5 6.d5 O-O 7.Be2 e6 8.O-O exd5 
9.exd5 Re8 10.Bb5 Bd7 11.Kh1 a6 12.Bxd7 Nbxd7 13.a4 Ne4 14.Nxe4 Rxe4 15.c3
b5 16.Qd3 Nf6 17.b3 c4 18.bxc4 bxc4 19.Qd2 Qa5 20.Rd1 Rae8 21.Ng1 Ng4 22.
Bb2 Ne3 23.Re1 Qxd5 24.Qxd5 Nxd5 25.Red1 Nxf4 26.Rxd6 Nd3 0-1

[Event "43rd World U20 ch"]
[Site "Kochi IND"]
[Date "2004.11.22"]
[Round "5.32"]
[White "Prasanna, Kannappan"]
[Black "Venkat, S. Sundaram"]
[Result "1/2-1/2"]
[WhiteElo "2096"]
[BlackElo "2152"]
[EventDate "2004.11.19"]
[PlyCount "89"]

1.Nf3 Nf6 2.e3 g6 3.d4 Bg7 4.c4 O-O 5.Nc3 d6 6.Be2 Nbd7 7.O-O e5 8.b4 Re8 
9.a4 e4 10.Nd2 Nf8 11.b5 h5 12.a5 Bf5 13.Ba3 N8h7 14.Nd5 Nxd5 15.cxd5 Qg5 
16.Re1 Nf6 17.Qb3 Bg4 18.Bxg4 Nxg4 19.h3 Nh6 20.Nf1 Nf5 21.Red1 Kh7 22.b6 
Qe7 23.Rdc1 Rec8 24.Nd2 Qg5 25.Nxe4 Qe7 26.Nc3 axb6 27.axb6 cxb6 28.Nb5 
Bh6 29.Qd3 Kg7 30.Rxc8 Rxc8 31.e4 Nh4 32.Bxd6 Qg5 33.Qg3 Rc1+ 34.Rxc1 
Qxc1+ 35.Kh2 g5 36.Qe5+ Kg6 37.Be7 Bg7 38.Qd6+ Kh7 39.Qg3 Bh6 40.f4 gxf4 
41.Qxh4 f3 42.Bd6 Qf1 43.gxf3 Qe2+ 44.Kh1 Qxf3+ 45.Kh2 1/2-1/2

[Event "43rd World U20 ch"]
[Site "Kochi IND"]
[Date "2004.11.22"]
[Round "5.33"]
[White "Soumitra, Mujumdar"]
[Black "Phanikanth, J. S. S."]
[Result "1-0"]
[WhiteElo "2148"]
[BlackElo "1985"]
[EventDate "2004.11.19"]
[PlyCount "105"]

1.d4 d5 2.c4 e6 3.Nc3 Nf6 4.Nf3 Be7 5.e3 O-O 6.Bd3 b6 7.cxd5 exd5 8.O-O 
Be6 9.Ne5 c5 10.f4 Qc8 11.Qf3 Nc6 12.f5 cxd4 13.Nxc6 Qxc6 14.exd4 Bd7 15.
g4 Bb4 16.Ne2 Ne4 17.Bf4 Nd2 18.Bxd2 Bxd2 19.Rad1 Qh6 20.Nf4 Bxf4 21.Qxf4 
Qxf4 22.Rxf4 f6 23.Bc2 Rac8 24.Bb3 Bc6 25.Re4 Kf7 26.Re6 Rfd8 27.Kf2 Bb5 
28.Rde1 Rd7 29.Bd1 Rc4 30.g5 g6 31.fxg6+ hxg6 32.Rxf6+ Kg7 33.Ree6 Rf7 34.
Rxf7+ Kxf7 35.Rf6+ Kg7 36.Ke3 Rc1 37.Kd2 Rc4 38.Be2 Rxd4+ 39.Kc3 Rc4+ 40.
Bxc4 dxc4 41.Rd6 Kf7 42.Rd5 Bc6 43.Kxc4 Bxd5+ 44.Kxd5 Ke7 45.Ke5 a6 46.b3 
b5 47.b4 Kf7 48.Kd6 Kg7 49.Ke6 Kg8 50.Kf6 Kh7 51.Kf7 a5 52.bxa5 b4 53.a6 
1-0

[Event "43rd World U20 ch"]
[Site "Kochi IND"]
[Date "2004.11.22"]
[Round "5.34"]
[White "Sandeep, Yalamanchili"]
[Black "Navin, Kanna"]
[Result "1/2-1/2"]
[WhiteElo "2138"]
[BlackElo "2058"]
[EventDate "2004.11.19"]
[PlyCount "41"]

1.e4 e5 2.Nf3 Nc6 3.Bb5 a6 4.Ba4 Nf6 5.d3 b5 6.Bb3 Bc5 7.O-O Bb7 8.c3 d6 
9.Re1 O-O 10.Nbd2 Bb6 11.Nf1 Ne7 12.Nh4 Nd7 13.Bg5 Kh8 14.Bxe7 Qxe7 15.Nf5
Qf6 16.N1e3 g6 17.Ng3 c6 18.Qd2 Nc5 19.Kh1 Nxb3 20.axb3 Qe6 21.b4 1/2-1/2

[Event "43rd World U20 ch"]
[Site "Kochi IND"]
[Date "2004.11.23"]
[Round "6.2"]
[White "Petrosian, Tigran L."]
[Black "Drozdovskyi, Yury"]
[Result "1-0"]
[WhiteElo "2539"]
[BlackElo "2510"]
[EventDate "2004.11.19"]
[PlyCount "69"]

1.e4 e6 2.d3 d5 3.Nd2 Nf6 4.Ngf3 Nc6 5.Qe2 Be7 6.g3 O-O 7.Bg2 e5 8.O-O 
dxe4 9.dxe4 Be6 10.c3 Nd7 11.Nc4 a5 12.Rd1 f6 13.Ne3 Qc8 14.Nd5 Bd8 15.Nd2
Rf7 16.b3 Ne7 17.Ba3 c6 18.Nc4 cxd5 19.exd5 Nxd5 20.Rxd5 Nb6 21.Nxb6 Bxb6 
22.Rd6 Bc7 23.Bxb7 Qxb7 24.Rxe6 Qd5 25.Qa6 a4 26.c4 Qd8 27.Qc6 axb3 28.
axb3 Rd7 29.Kg2 Rb8 30.Bc5 Rxb3 31.Ra8 Rb8 32.Rxb8 Bxb8 33.Bb6 Bc7 34.Bxc7
Qxc7 35.Qa8+ 1-0

[Event "43rd World U20 ch"]
[Site "Kochi IND"]
[Date "2004.11.23"]
[Round "6.3"]
[White "Wojtaszek, Radoslaw"]
[Black "Humpy, Koneru"]
[Result "1/2-1/2"]
[WhiteElo "2536"]
[BlackElo "2503"]
[EventDate "2004.11.19"]
[PlyCount "116"]

1.d4 Nf6 2.c4 g6 3.g3 Bg7 4.Bg2 O-O 5.Nc3 d6 6.Nf3 Nc6 7.O-O e5 8.d5 Ne7 
9.e4 Nd7 10.b4 a5 11.Ba3 axb4 12.Bxb4 h6 13.a4 f5 14.a5 b6 15.axb6 Rxa1 
16.Qxa1 Nxb6 17.Qa2 Kh7 18.Rb1 fxe4 19.Nxe4 Bf5 20.Nfd2 Qd7 21.Bxd6 Nbxd5 
22.Bc5 Nf6 23.Re1 Nxe4 24.Nxe4 Rd8 25.Be3 Qd3 26.Nc5 Qc3 27.Rf1 Bc8 28.Qa7
Qxc4 29.Qxc7 Re8 30.Rc1 Qg8 31.Nd7 Bxd7 32.Qxd7 Nf5 33.Bd5 Qf8 34.Bc5 Rd8 
35.Qb7 Qe8 36.Ba3 Qd7 37.Qxd7 Rxd7 38.Be4 Ra7 39.Bb2 Ra2 40.Bc3 Ra4 41.Re1
Nd4 42.Kg2 h5 43.Bd2 Ra2 44.Bg5 Re2 45.Rxe2 Nxe2 46.h4 Nd4 47.f3 Ne6 48.
Bd2 Bf6 49.Kf2 Kg7 50.Ke2 Nd4+ 51.Kd3 Nf5 52.Be1 Nd6 53.g4 hxg4 54.fxg4 
Nxe4 55.Kxe4 Kf7 56.Kd5 Ke7 57.g5 Bg7 58.Bc3 Kf7 1/2-1/2

[Event "43rd World U20 ch"]
[Site "Kochi IND"]
[Date "2004.11.23"]
[Round "6.4"]
[White "Zhao Jun"]
[Black "Venkatesh, Marani Rajendran"]
[Result "1-0"]
[WhiteElo "2511"]
[BlackElo "2450"]
[EventDate "2004.11.19"]
[PlyCount "65"]

1.e4 c5 2.Nf3 Nc6 3.d4 cxd4 4.Nxd4 Nf6 5.Nc3 e5 6.Ndb5 d6 7.Nd5 Nxd5 8.
exd5 Nb8 9.c4 Be7 10.Be2 O-O 11.O-O a6 12.Nc3 Nd7 13.Rb1 f5 14.b4 b6 15.
Re1 Bb7 16.Bf1 Rb8 17.Rb3 Bg5 18.Ba3 Qf6 19.Bb2 Qf7 20.a4 Rfc8 21.Ba3 Be7 
22.Qd2 e4 23.Reb1 Bf8 24.a5 Ba8 25.b5 bxa5 26.bxa6 Rxb3 27.Rxb3 Ne5 28.Qd4
Qf6 29.Nb5 Nxc4 30.Qxf6 gxf6 31.Rc3 Bxd5 32.a7 Ra8 33.Bc1 1-0

[Event "43rd World U20 ch"]
[Site "Kochi IND"]
[Date "2004.11.23"]
[Round "6.5"]
[White "Moradiabadi, Elshan"]
[Black "Berkes, Ferenc"]
[Result "0-1"]
[WhiteElo "2445"]
[BlackElo "2630"]
[EventDate "2004.11.19"]
[PlyCount "62"]

1.e4 c5 2.Nf3 e6 3.Nc3 a6 4.d4 cxd4 5.Nxd4 Qc7 6.Bd3 b5 7.O-O Bb7 8.Qe2 
Bc5 9.Nb3 Be7 10.Bd2 Nf6 11.f4 g6 12.Kh1 b4 13.Nd1 d5 14.exd5 Nxd5 15.c4 
Nf6 16.c5 a5 17.Ne3 Nc6 18.a4 O-O 19.Rac1 Rad8 20.Bb5 Ne4 21.Be1 f5 22.Rc2
Bf6 23.Nc4 Nd4 24.Nxd4 Rxd4 25.Nd2 Rfd8 26.Nb3 Rd1 27.c6 Bc8 28.Bd2 Rxf1+ 
29.Qxf1 Nxd2 30.Nxd2 Bd4 31.Qe2 b3 0-1

[Event "43rd World U20 ch"]
[Site "Kochi IND"]
[Date "2004.11.23"]
[Round "6.6"]
[White "Jianu, Vlad-Cristian"]
[Black "Paragua, Mark"]
[Result "1/2-1/2"]
[WhiteElo "2444"]
[BlackElo "2534"]
[EventDate "2004.11.19"]
[PlyCount "117"]

1.d4 Nf6 2.c4 g6 3.Nc3 Bg7 4.e4 d6 5.f4 c5 6.dxc5 Qa5 7.Bd3 Qxc5 8.Qe2 Bg4
9.Nf3 Nc6 10.Be3 Qa5 11.O-O O-O 12.Rac1 e5 13.Qf2 exf4 14.Bxf4 Rad8 15.a3 
Ne5 16.Be2 Bxf3 17.gxf3 Nh5 18.Be3 f5 19.Bxa7 fxe4 20.Bb6 Qa8 21.Bxd8 Qxd8
22.Nxe4 Ng4 23.fxg4 Rxf2 24.Rxf2 Bd4 25.gxh5 Qh4 26.Rd1 Qxe4 27.Rxd4 Qxd4 
28.hxg6 hxg6 29.Bf1 Kg7 30.Kg2 Kh6 31.b4 Qg4+ 32.Kh1 Qe4+ 33.Kg1 Qe3 34.b5
Qxa3 35.Rg2 Qe3+ 36.Kh1 Kg7 37.Rg3 Qf2 38.Bd3 Kf8 39.Rg2 Qf3 40.Be2 Qe4 
41.Bf1 Ke7 42.Kg1 Qe3+ 43.Kh1 Qe4 44.Kg1 Kd8 45.Ra2 Kc7 46.Rg2 Qe3+ 47.Kh1
g5 48.Ra2 Kb6 49.Rg2 Kc5 50.Ra2 Kd4 51.Rg2 Qf3 52.Kg1 Qe3+ 53.Kh1 Qe1 54.
Kg1 Ke3 55.Ra2 Kf3 56.Ra3+ Kg4 57.Ra2 Qe3+ 58.Kh1 Kh4 59.Rg2 1/2-1/2

[Event "43rd World U20 ch"]
[Site "Kochi IND"]
[Date "2004.11.23"]
[Round "6.7"]
[White "Gupta, Abhijeet"]
[Black "l`Ami, Erwin"]
[Result "0-1"]
[WhiteElo "2412"]
[BlackElo "2516"]
[EventDate "2004.11.19"]
[PlyCount "78"]

1.d4 d5 2.c4 c6 3.Nf3 Nf6 4.Nc3 e6 5.Bg5 dxc4 6.e4 b5 7.e5 h6 8.Bh4 g5 9.
Nxg5 hxg5 10.Bxg5 Nbd7 11.exf6 Bb7 12.g3 c5 13.d5 Qc7 14.Bg2 b4 15.d6 Qb6 
16.Ne4 Bd5 17.O-O O-O-O 18.Bf4 Qc6 19.f3 Bh6 20.Qd2 Bxf4 21.Qxf4 Nb6 22.a3
b3 23.a4 Bxe4 24.fxe4 Qxd6 25.a5 Qxf4 26.gxf4 Na8 27.Rac1 Rd4 28.Rf2 Nc7 
29.Bf1 Rg8+ 30.Kh1 Rxe4 31.Bxc4 Rg4 32.Bxb3 Rgxf4 33.Rfc2 Na6 34.Bc4 Nb4 
35.Rc3 Re5 36.Bf1 Kd7 37.Bg2 Kd6 38.Rd1+ Rd4 39.Rcc1 Nd3 0-1